[Event "AUTO-INT-888"]
[Site "http://www.queenalice.com/game.php?id=397615"]
[Date "2008.5.3"]
[Round "1"]
[White "zemaria"]
[Black "Chrischi"]
[Result "0-1"]
[WhiteElo "1729"]
[BlackElo "1715"]

1. e4 e5 2. Nf3 d6 3. d4 f6 4. c4 c5 5. d5 Be7 6. Bd3 Bg4 7. h3 Bxf3 8. Qxf3 a6
9. a4 a5 10. Qg4 g5 11. Qh5+ Kd7 12. Be2 Qf8 13. Bg4+ Kc7 14. Be6 Na6 15. Bd2
Nb4 16. Bxb4 axb4 17. O-O Nh6 18. Nd2 f5 19. f3 f4 20. Nb3 Qf6 21. Nd2 Ng8 22.
a5 Qf8 23. Nb3 Nf6 24. Qxg5 Nxe4 25. Qg4 h5 26. Qg6 Ng3 27. Rf2 Qf6 28. Qxf6
Bxf6 29. Nd2 Kd8 30. Nf1 h4 31. Nxg3 fxg3 32. Re2 Ra6 33. Re4 b6 34. Rg4 e4 35.
Rb1 exf3 36. gxf3 Rxa5 37. b3 Ra2 38. f4 Bd4+ 39. Kf1 Rf2+ 40. Kg1 Re2+ 41. Kh1
Rh2# 0-1

[Event "AUTO-INT-888"]
[Site "http://www.queenalice.com/game.php?id=397616"]
[Date "2008.5.3"]
[Round "1"]
[White "Chrischi"]
[Black "Viper_SB"]
[Result "1-0"]
[WhiteElo "1658"]
[BlackElo "1605"]

1. Nf3 e6 2. e4 Bc5 3. d4 Be7 4. e5 d6 5. c3 dxe5 6. Nxe5 Nf6 7. Qf3 Nc6 8. Bg5
Nxe5 9. dxe5 Nd5 10. h4 Bxg5 11. hxg5 Qxg5 12. Rh5 Qe7 13. Nd2 b6 14. O-O-O g6
15. Rh3 Bb7 16. c4 Qc5 17. Ne4 Nb4 18. Nf6+ Ke7 19. Rd7+ Kf8 20. Qxb7 Qc6 21.
Qxc7 Qxc7 22. Rxc7 Kg7 23. a3 Na6 24. Rd7 Nc5 25. Rd1 h5 26. b4 Nb7 27. Rd7 Nd8
28. g3 a5 29. Bg2 Rc8 30. f4 Rxc4+ 31. Kb2 axb4 32. Kb3 Rc5 33. axb4 Rc1 34. Rh1
Rxh1 35. Bxh1 Nc6 36. Bxc6 1-0

[Event "AUTO-INT-888"]
[Site "http://www.queenalice.com/game.php?id=397617"]
[Date "2008.5.3"]
[Round "1"]
[White "Viper_SB"]
[Black "Chrischi"]
[Result "0-1"]
[WhiteElo "1621"]
[BlackElo "1629"]

1. e4 e5 2. d3 d5 3. Nf3 Nc6 4. Bd2 d4 5. g3 Bg4 6. Bg2 Qf6 7. O-O h6 8. c3
O-O-O 9. Qa4 Bxf3 10. Bxf3 Qxf3 11. Qc2 dxc3 12. bxc3 Bb4 13. cxb4 Nd4 14. Qxc7+
Kxc7 15. Nc3 Kb8 16. Be3 Nc2 17. Rac1 Nxe3 18. fxe3 Qxe3+ 19. Kg2 Nf6 20. Nd5
Qxd3 21. Nxf6 gxf6 0-1

[Event "AUTO-INT-888"]
[Site "http://www.queenalice.com/game.php?id=397618"]
[Date "2008.5.3"]
[Round "1"]
[White "Chrischi"]
[Black "Mehiel"]
[Result "1-0"]
[WhiteElo "1645"]
[BlackElo "1578"]

1. Nf3 d5 2. d4 e6 3. Ne5 Nh6 4. c3 Bd6 5. f3 O-O 6. e4 dxe4 7. fxe4 Nc6 8. Nxc6
bxc6 9. e5 Be7 10. Bd3 Qd5 11. O-O Nf5 12. Qg4 h6 13. Qe2 Bb7 14. Bxf5 exf5 15.
Rxf5 c5 16. Qg4 Bg5 17. Bxg5 hxg5 18. Rxg5 Bc8 19. Qh4 g6 20. Nd2 Ba6 21. e6
Qxe6 22. Re1 Qxa2 23. Ne4 Qxb2 24. Nf6+ 1-0

[Event "AUTO-INT-888"]
[Site "http://www.queenalice.com/game.php?id=397619"]
[Date "2008.5.3"]
[Round "1"]
[White "Mehiel"]
[Black "Chrischi"]
[Result "0-1"]
[WhiteElo "1646"]
[BlackElo "1672"]

1. e4 e5 2. Nf3 d6 3. Nc3 Nf6 4. Bc4 Be7 5. O-O O-O 6. d3 Bg4 7. h3 Bxf3 8. Qxf3
Nc6 9. Nd5 Nd4 10. Qd1 c6 11. Nxe7+ Qxe7 12. c3 b5 13. Bb3 Nxb3 14. Qxb3 a5 15.
Qc2 c5 16. Qe2 b4 17. cxb4 axb4 18. b3 d5 19. exd5 Nxd5 20. Bb2 f6 21. Rfc1 Nf4
22. Qe4 Rad8 23. Qc4+ Kh8 24. Rc2 Rxd3 25. Bc1 Rd1+ 26. Kh2 Nxg2 27. Kxg2 Qb7+
28. f3 Rfd8 29. Bb2 R8d2+ 30. Rxd2 Rxd2+ 31. Kg3 Rxb2 32. Rd1 g5 33. Rd8+ Kg7
34. Qg8+ Kh6 35. Qf8+ Qg7 36. Qxg7+ Kxg7 37. Rd7+ Kg6 38. Rc7 Rxa2 39. Rxc5 Rb2
40. Kg4 Rxb3 41. Rb5 Rb1 42. h4 h5+ 43. Kg3 b3 44. f4 gxf4+ 45. Kf3 b2 46. Rb6
Rf1+ 47. Kg2 b1=Q 48. Rxb1 Rxb1 49. Kf3 Kf5 50. Kf2 e4 51. Kg2 Kg4 52. Kf2 e3+
53. Ke2 f3+ 54. Kxe3 Kg3 55. Kd2 f2 56. Kc2 f1=Q 57. Kd2 Qf3 58. Kc2 Rb3 59. Kd2
Rb2+ 60. Kc1 Rh2 61. Kb1 Qf1# 0-1

[Event "Let's Play Chess!"]
[Site "http://www.queenalice.com/game.php?id=413204"]
[Date "2008.6.5"]
[Round "-"]
[White "Chrischi"]
[Black "KasparovPadawan"]
[Result "1-0"]
[WhiteElo "1695"]
[BlackElo "1791"]

1. e4 c5 2. Nf3 e6 3. e5 d5 4. d4 cxd4 5. Nxd4 Bc5 6. Bb5+ Nd7 7. Bxd7+ Bxd7 8.
O-O Qh4 9. Nf3 Qe7 10. a3 f6 11. b4 Bb6 12. Be3 fxe5 13. Bxb6 axb6 14. Nxe5 Qf6
15. Nxd7 Qxa1 16. Nxb6 Ra6 17. Nxd5 exd5 18. Re1+ Kd8 19. Qxd5+ Kc7 20. Qc4+ Kb8
21. Kf1 Nf6 22. b5 Rc8 23. Qf4+ 1-0

[Event "AUTO-INT-857"]
[Site "http://www.queenalice.com/game.php?id=435346"]
[Date "2008.7.18"]
[Round "2"]
[White "mvson33"]
[Black "Chrischi"]
[Result "1-0"]
[WhiteElo "1819"]
[BlackElo "1765"]

1. Nf3 e6 2. c4 d5 3. cxd5 Qxd5 4. Nc3 Qd8 5. d4 Bb4 6. Qc2 Nf6 7. Bg5 O-O 8. e4
h6 9. Bh4 g5 10. Bg3 Nc6 11. O-O-O g4 12. Ne5 Nxd4 13. Qd3 c5 14. Nb5 a6 15.
Nxd4 cxd4 16. Qxd4 Qxd4 17. Rxd4 a5 18. Bb5 b6 19. f3 Bb7 20. Nd7 Nh5 21. Nxf8
Bxf8 22. Rd7 Rc8+ 23. Kb1 Bc6 24. Bxc6 Rxc6 25. Rhd1 Nf6 26. Rd8 Kg7 27. Bd6
Bxd6 28. R1xd6 Rxd6 29. Rxd6 b5 30. Rb6 b4 31. Rb5 gxf3 32. gxf3 Kg6 33. Rxa5
Nd7 34. Rb5 f6 35. Rxb4 Ne5 36. Rb3 f5 37. exf5+ exf5 38. f4 Ng4 39. h3 Nf2 40.
a4 Ne4 41. Ka2 Nd2 42. Rb6+ Kh5 43. a5 Nc4 44. Ra6 Kh4 45. Rxh6+ Kg3 46. a6 Kxf4
47. a7 Kg5 48. a8=Q Kxh6 49. Qc6+ 1-0

[Event "AUTO-INT-857"]
[Site "http://www.queenalice.com/game.php?id=435347"]
[Date "2008.7.18"]
[Round "2"]
[White "Chrischi"]
[Black "mvson33"]
[Result "0-1"]
[WhiteElo "1767"]
[BlackElo "1857"]

1. d4 Nf6 2. f3 e6 3. e4 c5 4. e5 Nd5 5. c3 Be7 6. f4 Qa5 7. Be3 Nxe3 8. Qd2
Nxf1 9. Kxf1 cxd4 10. cxd4 Qxd2 11. Nxd2 O-O 12. g4 f6 13. Re1 b6 14. Ngf3 Bb7
15. h4 fxe5 16. Rxe5 Bd6 17. Kf2 Rxf4 18. g5 Bxe5 19. dxe5 Nc6 20. Kg3 Raf8 21.
a3 Nxe5 22. Nxe5 Bxh1 23. Nxd7 Rd4 24. Nxf8 Rxd2 25. Nxe6 Rxb2 26. Nd4 Ra2 27.
Nb5 a6 28. Nd4 Rxa3+ 29. Kg4 Ra4 0-1

[Event "AUTO-INT-888"]
[Site "http://www.queenalice.com/game.php?id=455058"]
[Date "2008.8.28"]
[Round "2"]
[White "marcosbratz"]
[Black "Chrischi"]
[Result "0-1"]
[WhiteElo "1546"]
[BlackElo "1757"]

1. Nf3 d5 2. g3 c5 3. Bg2 e6 4. O-O c4 5. c3 Nc6 6. Re1 Nf6 7. d4 Bd6 8. Bg5 h6
9. Bxf6 Qxf6 10. e3 e5 11. dxe5 Nxe5 12. Nxe5 Qxe5 13. Bxd5 O-O 14. Na3 Be6 15.
Bxb7 Rab8 16. f4 Qc5 17. Ba6 Qa5 18. Qxd6 Rb6 19. Nxc4 Bxc4 20. b4 Qxa6 21. Qc7
Rc6 22. Qa5 Qb7 23. Rab1 Ra6 24. Qc5 Rxa2 25. e4 Bd3 26. Ra1 Rxa1 27. Rxa1 Qxe4
28. Re1 Qxe1+ 29. Kg2 Qf1# 0-1

[Event "AUTO-INT-888"]
[Site "http://www.queenalice.com/game.php?id=455059"]
[Date "2008.8.28"]
[Round "2"]
[White "Chrischi"]
[Black "marcosbratz"]
[Result "1-0"]
[WhiteElo "1751"]
[BlackElo "1544"]

1. Nf3 b6 2. d4 Bb7 3. d5 c6 4. e4 e6 5. c4 cxd5 6. cxd5 d6 7. Bb5+ Nd7 8. Bg5
Nf6 9. Nc3 a6 10. Bxd7+ Qxd7 11. Qd4 Be7 12. e5 Nxd5 13. Nxd5 Bxd5 14. exd6 Qxd6
15. Bf4 Qb4+ 16. Bd2 Qxd4 17. Nxd4 O-O 18. O-O Bc5 19. Be3 Bxd4 20. Bxd4 b5 21.
f3 Rac8 22. b3 f6 23. Rac1 Rcd8 24. Bc5 Rfe8 25. h4 Rc8 26. g4 h6 27. f4 g6 28.
f5 gxf5 29. gxf5 e5 30. Rfd1 Red8 31. Be7 Rxc1 32. Rxc1 Rd7 33. Bxf6 e4 34. Kf2
Rf7 35. Rc5 Rxf6 36. Rxd5 h5 37. Ke3 Kf7 38. Kxe4 Ke7 39. Ke5 Rf7 40. Rd6 Ke8
41. f6 a5 42. Ra6 a4 43. bxa4 bxa4 44. Ke6 Rd7 45. Ra8+ Rd8 46. f7+ 1-0

[Event "Spaß-Partie"]
[Site "http://www.queenalice.com/game.php?id=492116"]
[Date "2008.11.12"]
[Round "-"]
[White "Chrischi"]
[Black "Ninja"]
[Result "0-1"]
[WhiteElo "1778"]
[BlackElo "1929"]

1. e3 e5 2. Nc3 d5 3. Qh5 Qd6 4. Nf3 Nc6 5. Bb5 Ne7 6. Nxe5 g6 7. Qf3 Qxe5 8. d4
Qf5 9. e4 Qxf3 10. gxf3 Bd7 11. e5 Nxd4 12. Bxd7+ Kxd7 13. Kd2 Nxf3+ 14. Ke2
Nxe5 15. Bg5 h6 16. Bxe7 Bxe7 17. Nxd5 Bd6 18. Rad1 Rad8 19. b3 Kc8 20. c4 Nd7
21. Rhe1 c6 22. Ne3 Bxh2 23. Rd3 Rde8 24. Kf1 Nc5 25. Rd2 Bf4 26. Rde2 h5 27.
Ng2 Rxe2 28. Rxe2 Bg5 29. Re5 Ne6 30. f4 Nxf4 31. Rxg5 Nxg2 32. Rxg2 Rd8 33. Re2
Kd7 34. Ke1 Re8 35. a4 h4 36. Rxe8 Kxe8 37. Kf2 g5 38. Kg2 Ke7 39. Kh3 f6 40.
Kg4 Ke6 41. b4 f5+ 42. Kxg5 h3 43. Kf4 h2 44. b5 h1=Q 45. Ke3 Qe4+ 0-1